000 00640nam a2200229Ia 4500
003 OSt
005 20220923213455.0
006 a|||||r|||| 00| 0
007 ta
008 220922b |||||||| |||| 00| 0 hin d
024 _a162,251
037 _cTextual
040 _aARTS
_cARTS
_bhin
041 _2hin
_ahin
082 _aO152:2N10x, J7;1
100 _aअश्क, उपेन्द्रनाथ
245 0 _aपक्का गाना
246 _aPakkā gānā
260 _c1957
942 _hO152:2N10x, J7;1
_cTEXL
_2CC
999 _c316752
_d316752